Libro de los exenplos, por A.B.C. / (Record no. 187342)

MARC details
000 -LEADER
campo de control de longitud fija 01134nam a2200241 i 4500
001 - NÚMERO DE CONTROL
campo de control 187342
003 - IDENTIFICADOR DE NÚMERO DE CONTROL
campo de control SpMaBN
005 - FECHA Y HORA DE LA ÚLTIMA TRANSACCIÓN
campo de control 20230906222904.0
008 - DATOS DE LONGITUD FIJA--INFORMACIÓN GENERAL
campo de control de longitud fija 170609s1961 sp f |||| | spa d
080 ## - NÚMERO DE LA CLASIFICACIÓN DECIMAL UNIVERSAL
Número de la Clasificación Decimal Universal 821.134.2-34"14"
100 1# - ENTRADA PRINCIPAL--NOMBRE DE PERSONA
Nombre de persona Sánchez de Vercial, Clemente.
9 (RLIN) 163013
245 10 - MENCIÓN DEL TÍTULO
Título Libro de los exenplos, por A.B.C. /
Mención de responsabilidad, etc. [Clemente Sánchez de Vercial] ; edición crítica por John Esten Keller ; vocabulario-etimológico por Louis Jennings Zahn.
260 ## - PUBLICACIÓN, DISTRIBUCIÓN, ETC.
Lugar de publicación, distribución, etc. Madrid :
Nombre del editor, distribuidor, etc. Consejo Superior de Investigaciones Científicas,
Fecha de publicación, distribución, etc. 1961 (
Lugar de fabricación/manufactura Valencia :
Fabricante Castelia)
300 ## - DESCRIPCIÓN FÍSICA
Extensión 449 p., [1] h. de lám. ;
Dimensiones 25 cm.
490 1# - MENCIÓN DE SERIE
Mención de serie Clásicos hispánicos.
-- Serie II, Ediciones críticas ;
Designación de volumen o secuencia 5
504 ## - NOTA DE BIBLIOGRAFÍA, ETC.
Nota de bibliografía, etc. Bibliografía: p. [343]-344, [445]-446.
700 1# - ENTRADA AGREGADA--NOMBRE PERSONAL
Nombre de persona Keller, John E.
9 (RLIN) 67768
700 1# - ENTRADA AGREGADA--NOMBRE PERSONAL
Nombre de persona Zahn, Louis Jennings.
9 (RLIN) 163014
710 2# - ENTRADA AGREGADA--NOMBRE DE ENTIDAD CORPORATIVA
Nombre de entidad corporativa o nombre de jurisdicción como elemento de entrada Consejo Superior de Investigaciones Científicas (España)
9 (RLIN) 3236
830 0# - PUNTO DE ACCESO ADICIONAL DE SERIE-TÍTULO UNIFORME
Título uniforme Clásicos hispánicos.
-- Serie II, Ediciones críticas ;
Designación de volumen o secuencia 5
9 (RLIN) 181801
852 ## - LOCALIZACIÓN
Ubicación ES-MaACL
Número de control de estantería L-31693
Nota libre - enc. cart.
-- . - Donat. herederos de la bibl. de Mª del Pilar Costa Palacín
Holdings
Estatus retirado Estado de pérdida Estado de daño No para préstamo Biblioteca de origen Biblioteca actual Ubicación en estantería Fecha de adquisición Fuente de adquisición Total de préstamos Signatura topográfica completa Código de barras Visto por última vez Precio de reemplazo Tipo de ítem Koha
        Biblioteca del Ateneo de Madrid Biblioteca del Ateneo de Madrid Depósito 2 09/06/2017     L-31693 1197716 23/02/2023 23/02/2023 Libro impreso